Statistics for Quick Maffs

Click here to take the quiz!

General Stats

  • This quiz has been taken 71 times
    (65 since last reset)
  • The average score is 7 of 9

Answer Stats

HintAnswer% Correct
Number2
100%
Number2
100%
Number1
88%
Number4
82%
Number3
76%
Sign+
59%
Sign=
59%
Sign-
59%
Sign=
59%

Score Distribution

Percentile by Number Answered

Percent of People with Each Score

Your Score History

You have not taken this quiz since the last reset